000 00512nam a2200181 4500
003 OSt
005 20221111173233.0
008 221111b |||||||| |||| 00| 0 eng d
020 _a84 482 2349 7
040 _cBiblioteca Lado V
082 _a708
_bC579z
100 _9397
_aCasaban Ciscar, Consuelo
_ecurador
245 _aZona F/
260 _aPortugal
_bGeneralitat Valenciana
_c2000
300 _a264p.
_c17x24cm
700 _aJimenez, Vinicio
_eautor
942 _2ddc
_c1
_h708
_iC579z
_n0
999 _c2606
_d2606